Von Rundstedt : (Record no. 88857)

MARC details
000 -LEADER
campo de control de longitud fija 00954cam a2200277Ma 4500
001 - NÚMERO DE CONTROL
campo de control 98415
005 - FECHA Y HORA DE LA ÚLTIMA TRANSACCIÓN
campo de control 20230410132839.0
008 - DATOS DE LONGITUD FIJA--INFORMACIÓN GENERAL
campo de control de longitud fija 920428s1955 ag b 000 0 spa d
035 ## - NÚMERO DE CONTROL DEL SISTEMA
Número de control de sistema (OCoLC)ocm55446046
040 ## - FUENTE DE CATALOGACIÓN
Centro catalogador/agencia de origen DIBAM
Lengua de catalogación spa
Centro/agencia transcriptor DIBAM
Centro/agencia modificador OCLCQ
-- ZZAND
-- BNM
035 ## - NÚMERO DE CONTROL DEL SISTEMA
Número de control de sistema (OCoLC)55446046
050 14 - SIGNATURA TOPOGRÁFICA DE LA BIBLIOTECA DEL CONGRESO
Número de clasificación B DD 247
Número de ítem R941B 1955
082 00 - NÚMERO DE LA CLASIFICACIÓN DECIMAL DEWEY
Número de clasificación 923.543
049 ## - FONDOS LOCALES (OCLC)
Biblioteca depositaria GRAL
100 1# - ENTRADA PRINCIPAL--NOMBRE DE PERSONA
Nombre de persona Blumentritt, Gunther.
245 10 - MENCIÓN DEL TÍTULO
Título Von Rundstedt :
Resto del título el soldado y el hombre /
Mención de responsabilidad, etc. Gunther Blumentritt ; prefacio del Mariscal de Campo Von Rundstedt ; version castellana de Adolfo Alvarez-Buylla.
260 ## - PUBLICACIÓN, DISTRIBUCIÓN, ETC.
Lugar de publicación, distribución, etc. Buenos Aires :
Nombre del editor, distribuidor, etc. Espasa Calpe,
Fecha de publicación, distribución, etc. 1955.
300 ## - DESCRIPCIÓN FÍSICA
Extensión 233 p. . 2 p. de lams. :
Otras características físicas mapas, facsms. ;
Dimensiones 23 cm.
500 ## - NOTA GENERAL
Nota general Traducido de idioma original: Von Rundstedt, the soldier and the man.
600 10 - PUNTO DE ACCESO ADICIONAL DE MATERIA--NOMBRE DE PERSONA
Nombre de persona Rundstedt, Gerd von,
Fechas asociadas al nombre 1875-1953.
650 #4 - PUNTO DE ACCESO ADICIONAL DE MATERIA--TÉRMINO DE MATERIA
Término de materia o nombre geográfico como elemento de entrada CFB
650 #4 - PUNTO DE ACCESO ADICIONAL DE MATERIA--TÉRMINO DE MATERIA
Término de materia o nombre geográfico como elemento de entrada Colección Font Bernard.
942 ## - ELEMENTOS DE ENTRADA SECUNDARIOS (KOHA)
Fuente del sistema de clasificación o colocación Clasificación de Library of Congress
Tipo de ítem Koha
946 ## - PROCESAMIENTO DE INFORMACIÓN LOCAL (OCLC)
a MAT
994 ## -
-- C0
-- DRFGD
Holdings
Estatus retirado Estado de pérdida Fuente del sistema de clasificación o colocación Estado de daño No para préstamo Colección Biblioteca de origen Biblioteca actual Ubicación en estantería Fecha de adquisición Serial enumeration / chronology Signatura topográfica completa Código de barras Visto por última vez Copia número Tipo de ítem Koha
    Clasificación de Library of Congress     Recursos Regionales Biblioteca Juan Bosch Biblioteca Juan Bosch Recursos Regionales (2do. Piso) 10/04/2023 1 B DD 247 R941B 1955 00000090956 17/11/2018 1